[Event "Neu Isenburg Open"]
[Site "Neu Isenburg"]
[Date "1992.04.26"]
[Round "8"]
[White "Novikov, Igor A"]
[Black "Bagirov, Vladimir K"]
[Result "1/2-1/2"]
[WhiteElo "2580"]
[BlackElo "2500"]
[PlyCount "26"]
[EventDate "1992.04.24"]
[Source "www.chesslib.no"]
[SourceDate "2004.05.04"]

1. d4 d5 2. c4 dxc4 3. Nf3 a6 4. e3 Bg4 5. Bxc4 e6 6. h3 Bh5 7. Nc3 Nd7 8. O-O Ngf6 9. Be2 c5 10. b3 cxd4 11. Nxd4 Bxe2 12. Qxe2 Qa5 13. Bb2 Ba3 1/2-1/2

[Event "DSV-Turnier"]
[Site "Berlin East"]
[Date "1979.??.??"]
[Round "12"]
[White "Malich, Burkhard"]
[Black "Bagirov, Vladimir K"]
[Result "1/2-1/2"]
[WhiteElo "2530"]
[BlackElo "2545"]
[PlyCount "61"]
[EventDate "1979.09.11"]
[Source "www.chesslib.no"]
[SourceDate "2004.05.04"]

1. d4 d5 2. c4 dxc4 3. Nf3 a6 4. e3 Bg4 5. Bxc4 e6 6. h3 Bh5 7. O-O Nf6 8. Nbd2 c5 9. Be2 Nc6 10. Nb3 cxd4 11. Nfxd4 Bxe2 12. Qxe2 Nxd4 13. Nxd4 Be7 14. Bd2 Ne4 15. Rfd1 Nxd2 16. Rxd2 Qb6 17. Rd3 O-O 18. Rb3 Qc7 19. Rc3 Qd7 20. Rac1 Bd6 21. Nb3 Rac8 22. Rxc8 Rxc8 23. Rxc8+ Qxc8 24. Qd2 Be5 25. Nc1 g6 26. Nd3 Bf6 27. b3 Qc6 28. Qc1 Qd7 29. Qc2 Kg7 30. Ne1 Qd5 31. Nf3 1/2-1/2

[Event "SVK-chT 0203"]
[Site "?"]
[Date "2002.??.??"]
[Round "4"]
[White "Babula Vlastimil"]
[Black "Motuz Karol"]
[Result "1-0"]
[WhiteElo "2584"]
[BlackElo "2377"]
[PlyCount "51"]
[EventDate "2002.??.??"]
[Source "www.chesslib.no"]
[SourceDate "2004.05.04"]

1. d4 d5 2. c4 dxc4 3. Nf3 a6 4. e3 Bg4 5. Bxc4 e6 6. h3 Bh5 7. Nc3 Nc6 8. O-O Nf6 9. Re1 Bd6 10. g4 Bg6 11. e4 e5 12. dxe5 Nxe5 13. Nxe5 Bxe5 14. f4 Bxc3 15. Qxd8+ Rxd8 16. bxc3 h6 17. f5 Bh7 18. Ba3 Nd7 19. e5 Nb6 20. Bb3 g6 21. e6 f6 22. Rad1 Rb8 23. fxg6 Bxg6 24. Rf1 a5 25. Rxf6 a4 26. Rdf1 1-0

[Event "EU-Cup Gr5"]
[Site "Athens GRE"]
[Date "1976.03.26"]
[Round "5.4"]
[White "Pachman, Ludek"]
[Black "Lederman, Leon"]
[Result "0-1"]
[WhiteElo "2520"]
[BlackElo "2420"]
[PlyCount "106"]
[EventDate "1976.03.??"]
[Source "www.chesslib.no"]
[SourceDate "2004.05.04"]

1. d4 d5 2. c4 dxc4 3. Nf3 a6 4. e3 Bg4 5. Bxc4 e6 6. Qb3 Bxf3 7. gxf3 b5 8. Be2 Nd7 9. a4 b4 10. Nd2 Ngf6 11. O-O c5 12. dxc5 Bxc5 13. Rd1 O-O 14. a5 Qe7 15. Qc4 Nd5 16. Ne4 Rfc8 17. Nxc5 Rxc5 18. Qd4 e5 19. Qe4 N7f6 20. Qh4 Qc7 21. Kh1 Rxa5 22. Rxa5 Qxa5 23. Rg1 Ne8 24. Qe4 Ndc7 25. Bd2 Rb8 26. Bc4 Nd6 27. Qg4 Nce8 28. Bf1 Qb6 29. Qh5 Qc5 30. Bxa6 Qc2 31. Be1 Qxb2 32. Bd3 g6 33. Qh4 Qb3 34. Bf1 Ng7 35. Qe7 Qd5 36. Qa7 Ra8 37. Qb6 b3 38. Bc3 Rc8 39. e4 Qc5 40. Qxc5 Rxc5 41. Bb4 Rc6 42. Bd3 Ne6 43. Rb1 Nd4 44. f4 exf4 45. Ra1 f6 46. Bxd6 Rxd6 47. Ra8+ Kg7 48. Ra7+ Kh6 49. Rb7 f3 50. h4 Kh5 51. Kh2 Kxh4 52. Rxh7+ Kg4 53. Rb7 Rd8 0-1

[Event "Calcutta"]
[Site "Calcutta IND"]
[Date "1986.??.??"]
[Round "?"]
[White "Agzamov, Georgy T"]
[Black "Barua, Dibyendu"]
[Result "1/2-1/2"]
[WhiteElo "2545"]
[BlackElo "2395"]
[PlyCount "94"]
[EventDate "1986.02.??"]
[Source "www.chesslib.no"]
[SourceDate "2004.05.04"]

1. d4 d5 2. Nf3 a6 3. e3 Bg4 4. c4 dxc4 5. Bxc4 e6 6. h3 Bh5 7. Nbd2 Nd7 8. O-O Ngf6 9. b3 Bd6 10. Bb2 O-O 11. Be2 c5 12. Nc4 Be7 13. Nfe5 Bxe2 14. Qxe2 b5 15. Nc6 Qe8 16. N4a5 cxd4 17. Bxd4 Nd5 18. e4 Nf4 19. Qg4 Ng6 20. Rac1 Bf6 21. Bxf6 Nxf6 22. Qf3 Qd7 23. Rfd1 Qc7 24. Qe3 h6 25. g3 Kh7 26. b4 e5 27. f3 Nh5 28. Qf2 Qc8 29. Kh2 Qe6 30. Nb7 f5 31. Rd6 Qc8 32. Nc5 fxe4 33. Rxg6 Rxf3 34. Qe1 Nf4 35. Rg4 Qxc6 36. gxf4 e3 37. Nd3 Qe4 38. Nxe5 Rf2+ 39. Kg1 Rxf4 40. Rxf4 Qxf4 41. Ng4 Re8 42. Rc2 h5 43. Nh2 Qe4 44. Qe2 Qg6+ 45. Kh1 Qe4+ 46. Kg1 Qg6+ 47. Kh1 Qe4+ 1/2-1/2

[Event "Tatran Cup"]
[Site "Stary Smokovec SVK"]
[Date "1981.??.??"]
[Round "?"]
[White "Danner, Georg"]
[Black "Bagirov, Vladimir K"]
[Result "1/2-1/2"]
[WhiteElo "2410"]
[BlackElo "2505"]
[PlyCount "21"]
[EventDate "1981.11.??"]
[Source "www.chesslib.no"]
[SourceDate "2004.05.04"]

1. d4 d5 2. c4 dxc4 3. Nf3 a6 4. e3 Bg4 5. Bxc4 e6 6. h3 Bh5 7. Nc3 Nf6 8. g4 Bg6 9. Ne5 Nbd7 10. Nxg6 hxg6 11. g5 1/2-1/2

[Event "Haifa ol (Men)"]
[Site "Haifa ISR"]
[Date "1976.??.??"]
[Round "10"]
[White "Tarjan, James E"]
[Black "Lederman, Leon"]
[Result "1-0"]
[WhiteElo "2490"]
[BlackElo "2420"]
[PlyCount "93"]
[EventDate "1976.11.??"]
[Source "www.chesslib.no"]
[SourceDate "2004.05.04"]

1. d4 d5 2. c4 dxc4 3. Nf3 a6 4. e3 Bg4 5. Bxc4 e6 6. O-O Nf6 7. Nc3 c5 8. h3 Bh5 9. Bb3 Be7 10. d5 exd5 11. Bxd5 Nxd5 12. Qxd5 Qxd5 13. Nxd5 Bd8 14. Bd2 Nd7 15. Rac1 Rc8 16. Rfd1 f6 17. e4 O-O 18. Be3 b6 19. Nf4 Bxf3 20. gxf3 Ne5 21. Kg2 Kf7 22. Nd5 a5 23. f4 Nc6 24. a3 Re8 25. f3 Ne7 26. Nc3 Bc7 27. Nb5 Bb8 28. Rd7 Red8 29. Rb7 Rc6 30. b4 axb4 31. axb4 Ke8 32. bxc5 bxc5 33. Rxc5 Rxc5 34. Bxc5 Ng6 35. Rxg7 Nxf4+ 36. Kg1 Rd1+ 37. Kf2 Be5 38. Re7+ Kd8 39. Rxh7 Rd2+ 40. Ke1 Rh2 41. Be7+ Ke8 42. Nd6+ Kd7 43. Bf8+ Kc6 44. Nc4 Rxh3 45. Nxe5+ fxe5 46. Rxh3 Nxh3 47. Bh6 1-0

[Event "Geneve Open"]
[Site "Geneva SUI"]
[Date "1987.??.??"]
[Round "?"]
[White "Hort, Vlastimil"]
[Black "Meister, Peter"]
[Result "1/2-1/2"]
[WhiteElo "2555"]
[BlackElo "2325"]
[PlyCount "76"]
[EventDate "1987.??.??"]
[Source "www.chesslib.no"]
[SourceDate "2004.05.04"]

1. d4 d5 2. c4 dxc4 3. Nf3 a6 4. e3 Bg4 5. Bxc4 e6 6. h3 Bh5 7. Nc3 Nf6 8. g4 Bg6 9. Ne5 Nbd7 10. Nxg6 hxg6 11. Qf3 Rb8 12. g5 Nh5 13. h4 c5 14. Bb3 cxd4 15. exd4 Bb4 16. O-O O-O 17. Be3 Qa5 18. Rac1 Rfc8 19. Ne4 Qf5 20. Kg2 Nb6 21. a3 Bf8 22. Nc5 Bd6 23. Qxf5 gxf5 24. Kf3 Rd8 25. g6 Nd5 26. Bg5 Bxc5 27. Bxd8 Bxd4 28. Bc7 Re8 29. Bxd5 exd5 30. Rfe1 Re4 31. Be5 fxg6 32. Bxd4 Rxd4 33. Rc8+ Kh7 34. Ree8 g5 35. hxg5 Kg6 36. Re7 Rd3+ 37. Re3 Rd2 38. Re2 Rd3+ 1/2-1/2

[Event "URS-ch otbor"]
[Site "Beltsy"]
[Date "1979.??.??"]
[Round "?"]
[White "Magerramov, Elmar"]
[Black "Vorotnikov, Vladislav V"]
[Result "1-0"]
[WhiteElo "2435"]
[BlackElo "2410"]
[PlyCount "53"]
[EventDate "1979.??.??"]
[Source "ChessBase"]

1. d4 d5 2. c4 dxc4 3. Nf3 a6 4. e3 Bg4 5. Bxc4 e6 6. Nc3 Nf6 7. O-O c5 8. h3 Bh5 9. dxc5 Qxd1 10. Rxd1 Bxc5 11. g4 Bg6 12. Ne5 Nbd7 13. Nxg6 hxg6 14. g5 Rh4 15. Bd3 Ng8 16. Bf1 Rc8 17. Bg2 Rc7 18. Ne4 f5 19. Nd6+ Bxd6 20. Rxd6 Rhc4 21. Bd2 Ke7 22. Rd1 Ra4 23. Bc3 Rxa2 24. Rxe6+ Kd8 25. Bxg7 Ra5 26. Bf6+ Ngxf6 27. gxf6 1-0

[Event "Pripis mem"]
[Site "Moscow"]
[Date "1999.??.??"]
[Round "5"]
[White "Korotylev, Alexey"]
[Black "Ulko, Jaroslav"]
[Result "0-1"]
[WhiteElo "2440"]
[BlackElo "2397"]
[PlyCount "102"]
[EventDate "1999.??.??"]
[Source "www.chesslib.no"]
[SourceDate "2004.05.04"]

1. d4 d5 2. c4 dxc4 3. Nf3 a6 4. e3 Bg4 5. Bxc4 e6 6. Qb3 Bxf3 7. gxf3 b5 8. Be2 Nd7 9. a4 b4 10. Nd2 Ngf6 11. O-O c5 12. dxc5 Bxc5 13. Nc4 O-O 14. a5 Nd5 15. e4 Ne7 16. Be3 Ng6 17. Rfd1 Bxe3 18. fxe3 Qe7 19. Kh1 Kh8 20. f4 Rab8 21. Nd6 Rfd8 22. Qc4 Kg8 23. Rac1 Qh4 24. Rf1 Nf6 25. e5 Nd5 26. Qe4 Nge7 27. Qf3 Ng6 28. Bc4 Nc7 29. Rc2 Qe7 30. Rg1 Ne8 31. Nxe8 Qxe8 32. b3 Rbc8 33. Rcg2 Qe7 34. h3 Rc5 35. Bxa6 Rxa5 36. Bc4 Rda8 37. Rd2 Ra1 38. Rxa1 Rxa1+ 39. Kh2 h6 40. Rc2 Qd8 41. Be2 Rb1 42. Bc4 Nh4 43. Qe2 Qa8 44. e4 Qa1 45. Kg3 Ng6 46. Qe3 h5 47. Rd2 Rg1+ 48. Rg2 Rh1 49. Qd2 Qb1 50. Qe3 Qd1 51. Be2 Qd8 0-1

[Event "05sen.Europa-EM2005"]
[Site "?"]
[Date "2005.??.??"]
[Round "6"]
[White "Spassov Liuben D"]
[Black "Drozdov Vladimir E"]
[Result "1-0"]
[WhiteElo "2505"]
[BlackElo "2323"]
[PlyCount "51"]
[EventDate "2005.??.??"]
[Source "www.chesslib.no"]
[SourceDate "2004.05.04"]

1. d4 d5 2. c4 dxc4 3. Nf3 a6 4. e3 Bg4 5. Bxc4 e6 6. h3 Bh5 7. Nc3 Nf6 8. g4 Bg6 9. Ne5 Nbd7 10. Nxg6 hxg6 11. Qf3 c6 12. g5 Nh5 13. h4 Be7 14. Bd2 O-O 15. Bb3 Qc7 16. Ne4 e5 17. Ng3 exd4 18. Nxh5 gxh5 19. g6 Qe5 20. Bxf7+ Kh8 21. O-O-O Nf6 22. exd4 Qxd4 23. Bg5 Qc5+ 24. Kb1 Rad8 25. Rde1 Rd5 26. Bxd5 1-0

[Event "Corr"]
[Site "corr"]
[Date "1995.??.??"]
[Round "?"]
[White "Kovacs, Attila"]
[Black "Szabo, Laszlo"]
[Result "1/2-1/2"]
[WhiteElo "2365"]
[BlackElo "2460"]
[PlyCount "63"]
[EventDate "1995.??.??"]
[Source "www.chesslib.no"]
[SourceDate "2004.05.04"]

1. d4 d5 2. c4 dxc4 3. Nf3 a6 4. e3 Bg4 5. Bxc4 e6 6. h3 Bh5 7. Nc3 Nf6 8. g4 Bg6 9. Ne5 Bd6 10. Qf3 Bxe5 11. dxe5 Nfd7 12. Qxb7 Nb6 13. Be2 N8d7 14. f4 f6 15. Qc6 O-O 16. O-O fxe5 17. Qxe6+ Kh8 18. Rd1 Qh4 19. Kg2 exf4 20. exf4 Rae8 21. Qc6 Ne5 22. Qxc7 Na4 23. f5 Nxc3 24. Qxc3 Bxf5 25. gxf5 Rxf5 26. Qd4 Qf6 27. Be3 Qc6+ 28. Kh2 Nf3+ 29. Bxf3 Rxf3 30. Qd7 Qxd7 31. Rxd7 Rfxe3 32. Rg1 1/2-1/2

[Event "Tchigorine (memorial)"]
[Site "?"]
[Date "2004.10.16"]
[Round "1.15"]
[White "Grigoriants Sergey (RUS)"]
[Black "Lintchevski Daniil (RUS)"]
[Result "1-0"]
[WhiteElo "2551"]
[BlackElo "2269"]
[PlyCount "47"]
[EventDate "2004.??.??"]
[Source "www.chesslib.no"]
[SourceDate "2004.05.04"]

1. d4 d5 2. c4 dxc4 3. Nf3 a6 4. e3 Bg4 5. Bxc4 e6 6. Qb3 Bxf3 7. gxf3 b5 8. Be2 c5 9. a4 b4 10. dxc5 Bxc5 11. Nd2 Nf6 12. Qc4 Be7 13. Nb3 Nbd7 14. Bd2 a5 15. Rc1 O-O 16. Qc7 Nd5 17. Qxd8 Rfxd8 18. Bb5 Bf6 19. Rc2 N5b6 20. Ke2 Rdc8 21. Rhc1 Rxc2 22. Rxc2 Kf8 23. Nxa5 Be7 24. Nb3 1-0

[Event "Kavala op 8th"]
[Site "?"]
[Date "1998.08.13"]
[Round "3"]
[White "Mastrovasilis Athanasios"]
[Black "Marjanovic Slavoljub"]
[Result "0-1"]
[WhiteElo "2315"]
[BlackElo "2460"]
[PlyCount "100"]
[EventDate "1998.??.??"]
[Source "www.chesslib.no"]
[SourceDate "2004.05.04"]

1. d4 d5 2. c4 dxc4 3. Nf3 a6 4. e3 Bg4 5. Bxc4 e6 6. O-O Nf6 7. h3 Bh5 8. Nc3 Nc6 9. Be2 Bd6 10. b3 O-O 11. Bb2 Qe7 12. Ne5 Bxe2 13. Nxc6 Qe8 14. Qxe2 Qxc6 15. Rac1 e5 16. Na4 Qe8 17. dxe5 Bxe5 18. Ba3 Bd6 19. Bxd6 cxd6 20. Nb6 Rb8 21. Qd3 Qe6 22. Rfd1 Rfd8 23. a4 h6 24. a5 d5 25. Qd4 Rd6 26. Rc5 Rbd8 27. Rc7 Ne4 28. Na4 Qf5 29. f3 Ng5 30. Qg4 Qe5 31. Qf4 Qe8 32. Rxb7 Rf6 33. Qd4 Rxf3 34. h4 Ne6 35. Qe5 f6 36. Qc3 d4 37. Qc4 Rxe3 38. Nc5 Rc8 39. b4 Kh8 40. Qxa6 Nxc5 41. bxc5 Re1+ 42. Rxe1 Qxe1+ 43. Qf1 Qxa5 44. Rb5 Qc3 45. Qf5 Qe1+ 46. Qf1 Qxh4 47. Qc4 Qe4 48. Qf7 Ra8 49. Qh5 Ra1+ 50. Kh2 Qf4+ 0-1

[Event "Alushta 81/318"]
[Site "?"]
[Date "2001.??.??"]
[Round "?"]
[White "Malakhatko, V."]
[Black "Papenin, N."]
[Result "1-0"]
[WhiteElo "2513"]
[BlackElo "2261"]
[PlyCount "81"]
[EventDate "2001.??.??"]
[Source "Chess Informant"]
[SourceDate "2001.02.01"]

1. d4 d5 2. c4 dxc4 3. Nf3 a6 4. e3 Bg4 5. Bxc4 e6 6. Qb3 Bxf3 7. gxf3 b5 8. Be2 Nd7 9. a4 b4 10. f4 Ngf6 11. Bf3 c5 12. Bxa8 Qxa8 13. Rg1 cxd4 14. exd4 Bd6 15. Be3 O-O 16. Nd2 Rc8 17. Kd1 Nd5 18. Rc1 Rb8 19. Qc2 N7b6 20. a5 Rc8 21. Qb3 Nd7 22. Rxc8+ Qxc8 23. Qc4 Qb7 24. Kc1 N7f6 25. Kb1 g6 26. Rc1 Ne7 27. Nb3 Nfd5 28. h3 Kg7 29. f5 exf5 30. Nc5 Bxc5 31. dxc5 Qc6 32. Bd4+ f6 33. h4 f4 34. h5 Nf5 35. hxg6 hxg6 36. Rd1 Qa4 37. Rg1 Nxd4 38. Qxd4 Qb3 39. Kc1 Qa2 40. Rd1 Ne7 41. Qxb4 1-0

[Event "Baltic Sea"]
[Site "Baltic Sea"]
[Date "1986.??.??"]
[Round "?"]
[White "Tikkanen, Kari"]
[Black "Kuczynski, J."]
[Result "1-0"]
[WhiteElo "2420"]
[BlackElo "2350"]
[PlyCount "85"]
[EventDate "1986.??.??"]
[Source "www.chesslib.no"]
[SourceDate "2004.05.04"]

1. d4 d5 2. c4 dxc4 3. Nf3 a6 4. e3 Bg4 5. Bxc4 e6 6. h3 Bxf3 7. Qxf3 Nc6 8. Nc3 Nf6 9. O-O Bd6 10. Rd1 O-O 11. a3 e5 12. b4 exd4 13. exd4 Be7 14. Bb2 Qd6 15. Nd5 Nxd5 16. Bxd5 Rab8 17. Rac1 Nd8 18. Be4 Bf6 19. Rc2 Re8 20. Bc1 Ne6 21. Qf5 Nxd4 22. Qxh7+ Kf8 23. Re1 Re5 24. Rc5 Rbe8 25. f4 R5e6 26. f5 Nf3+ 27. gxf3 Qg3+ 28. Kf1 Bh4 29. Re2 Qxh3+ 30. Kg1 Bf2+ 31. Rxf2 Qxh7 32. fxe6 Qh3 33. exf7 Rd8 34. Rd2 Qg3+ 35. Kf1 Qh3+ 36. Ke2 Qg2+ 37. Kd1 Qg1+ 38. Kc2 Rxd2+ 39. Bxd2 c6 40. Rf5 Qa1 41. Be3 b6 42. Bxb6 Qa2+ 43. Kd1 1-0

[Event "RUS-chT 1 liga"]
[Site "Korolev"]
[Date "1999.??.??"]
[Round "4"]
[White "Lavrov, Andrey"]
[Black "Ulko, Jaroslav"]
[Result "1/2-1/2"]
[WhiteElo "2352"]
[BlackElo "2397"]
[PlyCount "23"]
[EventDate "1999.??.??"]
[Source "www.chesslib.no"]
[SourceDate "2004.05.04"]

1. d4 d5 2. c4 dxc4 3. Nf3 a6 4. e3 Bg4 5. Bxc4 e6 6. Nc3 Nf6 7. O-O Nc6 8. h3 Bh5 9. Be2 Bd6 10. b3 Ne7 11. Bb2 Ned5 12. Nd2 1/2-1/2

[Event "Vladimir (Russia)"]
[Site "?"]
[Date "2002.??.??"]
[Round "?"]
[White "Purgin Nikolaj"]
[Black "Ulko Jaroslav"]
[Result "0-1"]
[WhiteElo "2274"]
[BlackElo "2472"]
[PlyCount "86"]
[EventDate "2002.??.??"]
[Source "www.chesslib.no"]
[SourceDate "2004.05.04"]

1. d4 d5 2. c4 dxc4 3. Nf3 a6 4. e3 Bg4 5. Bxc4 e6 6. Qb3 Bxf3 7. gxf3 b5 8. Be2 Nf6 9. a4 b4 10. O-O c5 11. Rd1 Nbd7 12. Nd2 cxd4 13. Ne4 Nd5 14. Rxd4 Be7 15. a5 O-O 16. Kg2 Ne5 17. Ng3 Bc5 18. Rd1 f5 19. f4 Ng6 20. Bc4 Nge7 21. f3 Qc7 22. Ne2 Kh8 23. Bd2 Rf6 24. Rac1 Qxa5 25. e4 fxe4 26. fxe4 Nc7 27. Be1 Ng6 28. Bg3 Qb6 29. Rd7 Nb5 30. Qd3 Nd6 31. Bb3 Nf8 32. Rxd6 Bxd6 33. e5 Qb7+ 34. Kg1 Bxe5 35. fxe5 Rf3 36. Qc4 Ng6 37. Qxe6 Raf8 38. Bd5 Qa7+ 39. Kg2 Qe3 40. Bxf3 Qxf3+ 41. Kg1 Qe3+ 42. Kh1 Qxe2 43. Re1 Rf1+ 0-1

[Event "NOR-chT 9900"]
[Site "NOR"]
[Date "2000.??.??"]
[Round "7"]
[White "Johannessen, Leif Erlend"]
[Black "Liabotro, Pal Ole"]
[Result "1-0"]
[WhiteElo "2431"]
[BlackElo "2296"]
[PlyCount "77"]
[EventDate "1999.??.??"]
[Source "www.chesslib.no"]
[SourceDate "2004.05.04"]

1. d4 d5 2. c4 dxc4 3. Nf3 a6 4. e3 Bg4 5. Bxc4 e6 6. h3 Bh5 7. O-O Nc6 8. b3 Nf6 9. Bb2 Bd6 10. Nbd2 Qe7 11. e4 e5 12. d5 Nb8 13. Bd3 Nbd7 14. Qe2 h6 15. Nc4 Nh7 16. g4 Bg6 17. Rac1 Ng5 18. Nxg5 hxg5 19. Kg2 Nf8 20. Nxd6+ cxd6 21. Rc3 Bh7 22. Rfc1 Ng6 23. Qe3 O-O 24. Rc7 Qf6 25. Kh1 Rab8 26. Ba3 Rfd8 27. Bb4 Nh4 28. Be2 Qf4 29. Qxf4 gxf4 30. f3 Kf8 31. Ba5 b6 32. Be1 Ng6 33. a4 b5 34. axb5 axb5 35. Bb4 Ne7 36. Ra7 Nc8 37. Ra5 g6 38. Rc7 Bg8 39. g5 1-0

[Event "Beersheba-B 16th"]
[Site "?"]
[Date "1997.??.??"]
[Round "?"]
[White "Bykhovsky Avigdor"]
[Black "Lederman Leon"]
[Result "1/2-1/2"]
[WhiteElo "2420"]
[BlackElo "2305"]
[PlyCount "127"]
[EventDate "1997.??.??"]
[Source "www.chesslib.no"]
[SourceDate "2004.05.04"]

1. d4 d5 2. c4 dxc4 3. Nf3 a6 4. e3 Bg4 5. Bxc4 e6 6. h3 Bh5 7. Nc3 Nf6 8. g4 Bg6 9. Ne5 Nfd7 10. Nxg6 hxg6 11. Bf1 Nf6 12. Bg2 c6 13. O-O Nbd7 14. f4 Be7 15. Rb1 Qc7 16. e4 Rd8 17. Qf3 O-O 18. Be3 c5 19. d5 exd5 20. e5 d4 21. exf6 Nxf6 22. g5 Nh5 23. Nd5 Rxd5 24. Qxd5 dxe3 25. Qxb7 Bd6 26. Rbe1 Re8 27. Qxc7 Bxc7 28. f5 Bg3 29. fxg6 fxg6 30. Bd5+ Kh7 31. Bc4 Nf4 32. Rxf4 Bxf4 33. Bxa6 Bxg5 34. Kg2 Bf6 35. Re2 Bd4 36. Bc4 Kh6 37. a4 Ra8 38. b3 Kg5 39. Kf3 Kf5 40. Ra2 Ra5 41. Bd3+ Ke5 42. Rg2 Ra8 43. Rg5+ Kd6 44. Rxg6+ Kc7 45. Re6 Rh8 46. Kg4 Rh6 47. Re8 Kb6 48. Ra8 Kb7 49. Rd8 Kc7 50. Re8 Kb6 51. h4 Rd6 52. h5 Ka5 53. Rb8 Rb6 54. Ra8+ Kb4 55. a5 Re6 56. a6 Kc3 57. Be2 Re7 58. Rb8 c4 59. Rb7 Re8 60. Bxc4 e2 61. Bxe2 Rxe2 62. b4 Re4+ 63. Kf3 Re5 64. a7 1/2-1/2

[Event "Birseck"]
[Site "Birseck"]
[Date "1971.??.??"]
[Round "9"]
[White "Schaufelberger, Heinz"]
[Black "Dueckstein, Andreas"]
[Result "1/2-1/2"]
[WhiteElo "2340"]
[BlackElo "2380"]
[PlyCount "67"]
[EventDate "1971.10.02"]
[Source "www.chesslib.no"]
[SourceDate "2004.05.04"]

1. d4 d5 2. c4 dxc4 3. Nf3 a6 4. e3 Bg4 5. Bxc4 e6 6. Nc3 Nf6 7. Be2 Nc6 8. O-O Bd6 9. Nd2 Bxe2 10. Qxe2 e5 11. d5 Ne7 12. e4 O-O 13. Nc4 Ng6 14. Nxd6 cxd6 15. Be3 Nd7 16. f3 Rc8 17. Rac1 Ne7 18. Qd2 h6 19. Na4 Rxc1 20. Rxc1 b5 21. Nc3 Qb8 22. Nb1 f5 23. Qa5 fxe4 24. fxe4 Nf6 25. Nd2 Ng4 26. Qb6 Qe8 27. h3 Nc8 28. Rxc8 Qxc8 29. hxg4 Qxg4 30. Qxd6 Qd1+ 31. Kh2 Qh5+ 32. Kg1 Qd1+ 33. Kh2 Qh5+ 34. Kg1 1/2-1/2